00330 2200133 4500001002100000005001500021035002000036245003500056100001800091260004300109082000800152084001400160990002200174INLIS00000000000244020250604102142 a0010-06250000261 aTanah Gersang /cMochtar Lubis0 aMochtar Lubis aJakarta :bYayan Obor Indonesia,c1992 a800 a800 MOC t a983575 s/d 983576